Hong Kong Hospital Map Quiz 香港醫院 - Statistics

General Stats
  • This quiz has been taken 156 times
  • The average score is 8 of 11
Answers on the Map
Answers color-coded by a green-red scale on the quiz's map according to % correct below.
 
Answer Stats
Answer % Correct
Pamela Youde Nethersole Eastern Hospital
東區尤德夫人那打素醫院
83%
Prince of Wales Hospital
威爾斯親王醫院
83%
Tuen Mun Hospital
屯門醫院
83%
Queen Mary Hospital
瑪麗醫院
78%
Queen Elizabeth Hospital
伊利沙伯醫院
71%
United Christian Hospital
基督教聯合醫院
70%
Kwong Wah Hospital
廣華醫院
69%
Princess Margaret Hospital
瑪嘉烈醫院
62%
Kowloon Hospital
九龍醫院
61%
Caritas Medical Centre
明愛醫院
59%
Castle Peak Hospital
青山醫院
59%
No matching quizzes found
Score Distribution
Percent of People with Each Score
Percentile by Number Answered
Your Score History
You have not taken this quiz